[Event "Rheinland Pfalz op 10th"]
[Site "Nickenich"]
[Date "2018.06.02"]
[Round "5"]
[White "De Luca, Andrew"]
[Black "Wimmer, Katharina"]
[Result "1-0"]
[WhiteElo "1473"]
[BlackElo "1178"]
[PlyCount "59"]
[EventDate "2018.05.31"]
[EventType "swiss"]
[EventRounds "7"]
[EventCountry "GER"]
[SourceTitle "EXT 2019"]
[Source "ChessBase"]
[SourceDate "2018.10.10"]
[SourceVersion "1"]
[SourceVersionDate "2018.10.10"]
[SourceQuality "1"]

1. c4 e5 2. Nc3 g6 3. e3 c6 4. f4 exf4 5. exf4 Bg7 6. d4 Qe7+ 7. Be2 Nf6 8. Nf3 0-0 9. 0-0 d5 10. cxd5 Nxd5 11. Bc4 Nb6 12. Bb3 Bg4 13. h3 Bxf3 14. Qxf3 Bxd4+ 15. Kh1 N8d7 16. f5 Qf6 17. Ne4 Qe7 18. fxg6 hxg6 19. Qg3 Qxe4 20. Bh6 Bg7 21. Rae1 Qb4 22. Qxg6 Qd4 23. Bxf7+ Kh8 24. Bg5 Rxf7 25. Qxf7 Qxb2 26. Rf4 Nf8 27. Rh4+ Nh7 28. Re8+ Rxe8 29. Qxe8+ Bf8 30. Qxf8# 1-0

[Event "GER-ch U12 Girls"]
[Site "Willingen"]
[Date "2018.05.23"]
[Round "7"]
[White "Zoellner, Bente"]
[Black "Wimmer, Katharina"]
[Result "1/2-1/2"]
[WhiteElo "1476"]
[BlackElo "1169"]
[PlyCount "54"]
[EventDate "2018.05.19"]
[EventType "swiss"]
[EventRounds "11"]
[EventCountry "GER"]
[SourceTitle "CBM 184 Extra"]
[Source "ChessBase"]
[SourceDate "2018.06.28"]
[SourceVersion "1"]
[SourceVersionDate "2018.06.28"]
[SourceQuality "1"]

1. d4 d5 2. c4 e6 3. Nc3 Nf6 4. Nf3 Nbd7 5. Bg5 Be7 6. e3 0-0 7. cxd5 Nxd5 8. Nxd5 exd5 9. Bxe7 Qxe7 10. Bd3 Nf6 11. 0-0 b6 12. Qc2 Ne4 13. Bxe4 Qxe4 14. Qxc7 Bf5 15. Qe5 Qxe5 16. Nxe5 Rac8 17. Rac1 a5 18. Rc6 f6 19. Rxc8 Rxc8 20. Nf3 Rc2 21. Rb1 Kf7 22. Kf1 Ke6 23. a3 Kd6 24. b4 Rxf2+ 25. Kxf2 Bxb1 26. Nd2 Bg6 27. Nb3 axb4 1/2-1/2

[Event "GER-ch U12 Girls"]
[Site "Willingen"]
[Date "2018.05.22"]
[Round "5"]
[White "Kanno, Clara Yumi"]
[Black "Wimmer, Katharina"]
[Result "0-1"]
[WhiteElo "1073"]
[BlackElo "1169"]
[PlyCount "66"]
[EventDate "2018.05.19"]
[EventType "swiss"]
[EventRounds "11"]
[EventCountry "GER"]
[SourceTitle "CBM 184 Extra"]
[Source "ChessBase"]
[SourceDate "2018.06.28"]
[SourceVersion "1"]
[SourceVersionDate "2018.06.28"]
[SourceQuality "1"]

1. e4 e5 2. Nf3 Nc6 3. Bc4 Bc5 4. d3 d6 5. h3 Be6 6. Bb3 Nf6 7. Bg5 h6 8. Be3 Bb6 9. Nc3 Qd7 10. Qd2 Ne7 11. Ne2 c6 12. Ng3 Ng6 13. c4 Qc7 14. Bc2 a5 15. a4 0-0 16. b3 Bxe3 17. Qxe3 Nf4 18. Rg1 c5 19. h4 g6 20. Ne2 g5 21. Nxf4 exf4 22. Qe2 Z0 23. Qf1 Rfe8 24. 0-0-0 Re7 25. Nd4 Z0 26. Nf5 Bxf5 27. exf5 Rae8 28. g4 Qb6 29. Qh3 Qb4 30. h5 Qc3 31. f3 Re2 32. Rg2 Qa1+ 33. Bb1 Qb2# 0-1

[Event "GER-ch U12 Girls"]
[Site "Willingen"]
[Date "2018.05.21"]
[Round "4"]
[White "Wimmer, Katharina"]
[Black "Sinner, Joselyne"]
[Result "0-1"]
[WhiteElo "1169"]
[BlackElo "1410"]
[PlyCount "68"]
[EventDate "2018.05.19"]
[EventType "swiss"]
[EventRounds "11"]
[EventCountry "GER"]
[SourceTitle "CBM 184 Extra"]
[Source "ChessBase"]
[SourceDate "2018.06.28"]
[SourceVersion "1"]
[SourceVersionDate "2018.06.28"]
[SourceQuality "1"]

1. e4 e5 2. Nf3 Nc6 3. Bc4 Nf6 4. d3 Be7 5. Nc3 d6 6. h3 Na5 7. Bb3 Nxb3 8. axb3 Be6 9. Be3 0-0 10. 0-0 d5 11. exd5 Nxd5 12. Nxd5 Qxd5 13. Rxa7 Rxa7 14. Bxa7 b6 15. Re1 f6 16. d4 e4 17. Nd2 f5 18. Nc4 Qb7 19. Ne5 Bf6 20. Bxb6 Qxb6 21. f4 exf3 22. Nxf3 Rd8 23. Kh1 Bf7 24. Qa1 Bxd4 25. Nxd4 Qxd4 26. Re7 Qd6 27. Qe1 h6 28. Re5 Qd1 29. Kh2 Qxe1 30. Rxe1 Rd2 31. c4 Rxb2 32. Re3 Kf8 33. Kg3 g5 34. h4 f4+ 0-1

[Event "GER-ch U10 Girls"]
[Site "Willingen"]
[Date "2016.05.18"]
[Round "6"]
[White "Wimmer, Katharina"]
[Black "Lorenz, Anouk"]
[Result "0-1"]
[WhiteElo "934"]
[BlackElo "1187"]
[PlyCount "40"]
[EventDate "2016.05.15"]
[EventType "swiss"]
[EventRounds "11"]
[EventCountry "GER"]
[SourceTitle "CBM 172 Extra"]
[Source "ChessBase"]
[SourceDate "2016.06.21"]
[SourceVersion "1"]
[SourceVersionDate "2016.06.21"]
[SourceQuality "1"]

1. e4 c5 2. Nc3 Nc6 3. g3 g6 4. Bg2 Bg7 5. Nf3 Nf6 6. d3 0-0 7. 0-0 d5 8. exd5 Nxd5 9. Nxd5 Qxd5 10. Re1 Be6 11. Be3 Qd6 12. Qd2 Nd4 13. Nxd4 cxd4 14. Bh6 a6 15. Bxb7 Rab8 16. Bf4 Qb6 17. Bxb8 Qxb7 18. Bf4 Qf3 19. Kf1 Bh3+ 20. Kg1 Qg2# 0-1